Loidis and Elmete; or, An attempt to illustrate the districts described in those words by Bede (Record no. 114916)
[ view plain ]
| 000 -LEADER | |
|---|---|
| fixed length control field | 01332cam a22002175a 4500 |
| 001 - CONTROL NUMBER | |
| control field | L157679 |
| 008 - FIXED-LENGTH DATA ELEMENTS--GENERAL INFORMATION | |
| fixed length control field | 130227s1816 xxk f 000 0 eng d |
| 035 ## - SYSTEM CONTROL NUMBER | |
| System control number | (Sirsi) u157679 |
| 041 0# - LANGUAGE CODE | |
| Language code of text/sound track or separate title | eng |
| 100 1# - MAIN ENTRY--PERSONAL NAME | |
| Personal name | Whitaker, Thomas Dunham |
| Dates associated with a name | 1759-1821 |
| 240 ## - UNIFORM TITLE | |
| Uniform title | History of Leeds |
| 245 00 - TITLE STATEMENT | |
| Title | Loidis and Elmete; or, An attempt to illustrate the districts described in those words by Bede |
| Remainder of title | and supposed to embrace the lower portions of Aredale and Wharfdale, together with the entire vale of Calder, in the county of York |
| Statement of responsibility, etc. | By Thomas Dunham Whitaker, L.L. D. F.S.A. Vicar of Whalley, and rector of Heysham, in Lancashire.. |
| 260 ## - PUBLICATION, DISTRIBUTION, ETC. | |
| Place of publication, distribution, etc. | [Leeds] |
| Name of publisher, distributor, etc. | Printed by T. Davison, for Robinson, Son, and Holdsworth, Leeds; and John Hurst, Wakefield |
| Date of publication, distribution, etc. | MDCCCXVI [-1820]. |
| 300 ## - PHYSICAL DESCRIPTION | |
| Extent | [6], 74, 73*-74*, 75-326, 327*-328*, 327-404, 2, 80 [i.e. 88] p., [69] leaves of plates (15 folded) |
| Other physical details | ill., coats of arms, geneal. tables, ports. |
| Dimensions | fol |
| 520 ## - SUMMARY, ETC. | |
| Summary, etc. | Sometimes refered to as the second volume of "The history of Leeds", the first being "Ducatus Leodiensis" (1715) by Ralph Thoresby, of which Whitaker published a second edition in 1816 (cf. Boyne) (see L157678). |
| 583 ## - ACTION NOTE | |
| Action | Condition reviewed |
| Time/date of action | 20120620 |
| Status | condition level |
| 651 #4 - SUBJECT ADDED ENTRY--GEOGRAPHIC NAME | |
| Geographic name | England |
| Chronological subdivision | 886- |
| 690 ## - LOCAL SUBJECT ADDED ENTRY--TOPICAL TERM (OCLC, RLIN) | |
| Topical term or geographic name as entry element | Geomatics |
| 9 (RLIN) | 6242 |
| 700 1# - ADDED ENTRY--PERSONAL NAME | |
| Personal name | Whitaker, Thomas Dunham |
| Dates associated with a name | 1759-1821 |
| 942 ## - ADDED ENTRY ELEMENTS (KOHA) | |
| Suppress in OPAC | 0 |
| Withdrawn status | Lost status | Source of classification or shelving scheme | Damaged status | Not for loan | Home library | Current library | Shelving location | Date acquired | Total Checkouts | Full call number | Barcode | Date last seen | Copy number | Price effective from | Koha item type |
|---|---|---|---|---|---|---|---|---|---|---|---|---|---|---|---|
| Dewey Decimal Classification | Historic collection | Historic collection | Historic collection | 27/02/2013 | FOLIO 1816 WHITAKER | 30078258 | 06/08/2019 | 1 | 06/08/2019 | Book |